Social Networks and Organizations : (Record no. 608075)

MARC details
000 -LEADER
fixed length control field 00501nam a2200193 a 4500
008 - FIXED-LENGTH DATA ELEMENTS--GENERAL INFORMATION
fixed length control field 260109s2003##################000#0#eng##
020 ## - INTERNATIONAL STANDARD BOOK NUMBER
ISBN 9780761969570
082 04 - DEWEY DECIMAL CLASSIFICATION NUMBER
Classification number 302
Item number MAR
100 1# - MAIN ENTRY--AUTHOR NAME
Personal name Kilduff, Martin,
245 10 - TITLE STATEMENT
Title Social Networks and Organizations :
260 ## - PUBLICATION, DISTRIBUTION, ETC. (IMPRINT)
Name of publisher SAGE,
Year of publication 2003.
300 ## - PHYSICAL DESCRIPTION
Number of Pages 180 pages
650 #0 - SUBJECT ADDED ENTRY--TOPICAL TERM
Topical Term Business & Economics.
942 ## - ADDED ENTRY ELEMENTS (KOHA)
Koha item type English Books
Holdings
Withdrawn status Lost status Damaged status Not for loan Home library Current library Date acquired Full call number Accession Number Price effective from Koha item type
        Anna Centenary Library Anna Centenary Library 10.01.2026 302 MAR 1638555 10.01.2026 English Books

Find us on the map